008180000a22002170004500090001300000100002700013700004000040700004100080700003900121700004000160245012900200044001300329041001400342690002900356690002000385690002300405651003700428942001300465773010500478999001700583 aSERIADAS1 aSanín, David91006951 aAlvarez Mejía, Luis Miguel9216481 aMancera Santa, Julio César91006961 aCastaño Rubiano, Natalia91006971 aGonzález Ocampo, Germán910069810aMonilofitos y licofitos de la cuenca del río Chinchiná (Caldas, Colombia)sClave para géneros y catálogo de especies aColombia0 aEspañol aFlora de Colombia929781 aHelechos994093 aInventarios992201 4dCaldaslRío Chinchiná992749 cARTICULO1 tRevista de la Academia Colombiana de Ciencias Exactas, Físicas y Naturalesh124q331-347d2008g32 c16373d16373